[Event "Oberliga Ost-B 2122"]
[Site "Germany"]
[Date "2022.07.02"]
[Round "6.3"]
[White "Michalowski, Peter"]
[Black "Kaliski, Erwin"]
[Result "0-1"]
[WhiteElo "2107"]
[BlackElo "2178"]
[PlyCount "50"]
[EventDate "2021.10.10"]
[EventType "team-tourn"]
[EventRounds "11"]
[EventCountry "GER"]
[SourceTitle "EXT 2023"]
[Source "ChessBase"]
[SourceDate "2022.10.05"]
[SourceVersion "1"]
[SourceVersionDate "2022.10.05"]
[SourceQuality "1"]
[WhiteTeam "Erfurt Empor"]
[BlackTeam "Bad Homburg"]
[WhiteTeamCountry "GER"]
[BlackTeamCountry "GER"]

1. e4 e6 2. d4 d5 3. Nc3 Nf6 4. e5 Nfd7 5. f4 c5 6. Nf3 Nc6 7. Be3 Qb6 8. Na4 Qa5+ 9. c3 cxd4 10. b4 Qc7 11. Nxd4 a6 12. Bd3 b5 13. Nb2 Ncxe5 14. fxe5 Qxc3+ 15. Qd2 Bxb4 16. Nc2 Qxd2+ 17. Bxd2 Bxd2+ 18. Kxd2 Nxe5 19. a4 Rb8 20. axb5 axb5 21. Rhb1 Rb7 22. Nd4 Nc4+ 23. Kc1 0-0 24. Ra8 e5 25. Nc6 Rc7 0-1

[Event "Oberliga Ost-B 2122"]
[Site "Germany"]
[Date "2022.03.05"]
[Round "8.4"]
[White "Minor, Samuel"]
[Black "Kaliski, Erwin"]
[Result "1/2-1/2"]
[WhiteElo "2253"]
[BlackElo "2178"]
[PlyCount "40"]
[EventDate "2021.10.10"]
[EventType "team-tourn"]
[EventRounds "11"]
[EventCountry "GER"]
[SourceTitle "EXT 2023"]
[Source "ChessBase"]
[SourceDate "2022.10.05"]
[SourceVersion "1"]
[SourceVersionDate "2022.10.05"]
[SourceQuality "1"]
[WhiteTeam "Wiesbaden"]
[BlackTeam "Bad Homburg"]
[WhiteTeamCountry "GER"]
[BlackTeamCountry "GER"]

1. e4 e6 2. d3 d5 3. Qe2 Nf6 4. Nf3 Be7 5. g3 c5 6. Bg2 Nc6 7. 0-0 0-0 8. e5 Nd7 9. c4 Nb6 10. Nc3 Nd4 11. Nxd4 cxd4 12. Nb1 dxc4 13. dxc4 Qc7 14. b3 Nd7 15. Bb2 Qxe5 16. Qxe5 Nxe5 17. Bxd4 Nc6 18. Bxc6 bxc6 19. Nc3 Rd8 20. Rad1 f6 1/2-1/2

[Event "GER-chT Online Liga 1 GpA"]
[Site "Playchess.com INT"]
[Date "2021.02.08"]
[Round "3.2"]
[White "Weber, Marc"]
[Black "Kaliski, Erwin"]
[Result "1-0"]
[WhiteElo "2198"]
[BlackElo "2175"]
[PlyCount "65"]
[EventDate "2021.01.22"]
[EventType "team-tourn (rapid)"]
[EventRounds "7"]
[EventCountry "GER"]
[SourceTitle "EXT 2022"]
[Source "ChessBase"]
[SourceDate "2021.10.06"]
[SourceVersion "1"]
[SourceVersionDate "2021.10.06"]
[SourceQuality "1"]
[WhiteTeam "Walldorf"]
[BlackTeam "Bad Homburg"]
[WhiteTeamCountry "GER"]
[BlackTeamCountry "GER"]

1. d4 d5 2. c4 e6 3. Nf3 Nf6 4. g3 Be7 5. Bg2 0-0 6. 0-0 Nbd7 7. Nc3 c6 8. Qd3 b6 9. e4 Ba6 10. b3 Rc8 11. e5 dxc4 12. bxc4 Nd5 13. Ne4 c5 14. Neg5 g6 15. Qe4 Bxc4 16. Qh4 h5 17. Re1 Kg7 18. Bh3 Nb4 19. g4 Rh8 20. gxh5 Rxh5 21. Qf4 Bxg5 22. Nxg5 Rxg5+ 23. Qxg5 Qxg5+ 24. Bxg5 Nc2 25. Rec1 Bd3 26. Bf1 Bf5 27. Bb5 Nxa1 28. Bxd7 Rc7 29. Ba4 b5 30. Bd1 c4 31. Rxa1 b4 32. Rc1 a5 33. Bd8 1-0

[Event "GER-chT Online Liga 1 GpA"]
[Site "Playchess.com INT"]
[Date "2021.01.22"]
[Round "1.2"]
[White "Heimann, Andreas"]
[Black "Kaliski, Erwin"]
[Result "0-1"]
[WhiteElo "2606"]
[BlackElo "2175"]
[PlyCount "100"]
[EventDate "2021.01.22"]
[EventType "team-tourn (rapid)"]
[EventRounds "7"]
[EventCountry "GER"]
[SourceTitle "CBM 200 Extra"]
[Source "ChessBase"]
[SourceDate "2021.03.31"]
[SourceVersion "1"]
[SourceVersionDate "2021.03.31"]
[SourceQuality "1"]
[WhiteTeam "Deizisau"]
[BlackTeam "Bad Homburg"]
[WhiteTeamCountry "GER"]
[BlackTeamCountry "GER"]

1. d4 d5 2. c4 e6 3. Nf3 Nf6 4. g3 Be7 5. Bg2 0-0 6. Qc2 c6 7. 0-0 Nbd7 8. b3 Ne4 9. Nbd2 f5 10. Bb2 Ndf6 11. Ne5 Bd7 12. Nxe4 Nxe4 13. f3 Nf6 14. c5 Be8 15. b4 Qc7 16. Rae1 a5 17. a3 Bg6 18. Nxg6 hxg6 19. e4 axb4 20. axb4 Ra2 21. Qb3 Rfa8 22. Re2 Nh5 23. Rfe1 Bf6 24. e5 Bd8 25. Bc1 Rxe2 26. Rxe2 g5 27. Ra2 Qb8 28. Bh3 g6 29. Bf1 Ra7 30. b5 Qa8 31. Rxa7 Qxa7 32. Qa3 Qxa3 33. Bxa3 Kf7 34. b6 Ke7 35. Bc1 Kd7 36. Kg2 Be7 37. g4 Ng7 38. Bd3 Bd8 39. f4 gxf4 40. Bxf4 g5 41. Be3 Be7 42. Kf3 Bd8 43. h3 Be7 44. Kg2 Bd8 45. Bc1 Be7 46. Bd2 Bd8 47. h4 gxh4 48. Bh6 fxg4 49. Bxg7 h3+ 50. Kh1 Bg5 0-1

[Event "Rhein Main op-A 22nd"]
[Site "Bad Homburg"]
[Date "2019.06.23"]
[Round "7"]
[White "Papadopoulos, Ioannis1111"]
[Black "Kaliski, Erwin"]
[Result "1/2-1/2"]
[WhiteElo "1919"]
[BlackElo "2266"]
[PlyCount "46"]
[EventDate "2019.06.19"]
[EventType "swiss"]
[EventRounds "9"]
[EventCountry "GER"]
[SourceTitle "EXT 2020"]
[Source "ChessBase"]
[SourceDate "2019.10.17"]
[SourceVersion "1"]
[SourceVersionDate "2019.10.17"]
[SourceQuality "1"]

1. e4 e6 2. d4 d5 3. Nd2 Nf6 4. e5 Nfd7 5. Bd3 c5 6. c3 Nc6 7. Ne2 cxd4 8. cxd4 f6 9. exf6 Nxf6 10. 0-0 Bd6 11. Nf3 Qc7 12. Bg5 0-0 13. Rc1 e5 14. dxe5 Bxe5 15. Nxe5 Qxe5 16. Bf4 Qh5 17. Qb3 Rf7 18. Bg3 Bg4 19. Nf4 Qg5 20. h4 Qh6 21. Nxd5 Nxd5 22. Qxd5 Be6 23. Qg5 Qxg5 1/2-1/2

[Event "Hessenliga 1819"]
[Site "Hessen"]
[Date "2019.04.07"]
[Round "8.2"]
[White "Sunder, Thomas"]
[Black "Kaliski, Erwin"]
[Result "0-1"]
[WhiteElo "2188"]
[BlackElo "2266"]
[PlyCount "62"]
[EventDate "2018.09.23"]
[EventType "team-tourn"]
[EventRounds "9"]
[EventCountry "GER"]
[SourceTitle "EXT 2020"]
[Source "ChessBase"]
[SourceDate "2019.10.17"]
[SourceVersion "1"]
[SourceVersionDate "2019.10.17"]
[SourceQuality "1"]
[WhiteTeam "Giessen"]
[BlackTeam "Bad Nauheim"]
[WhiteTeamCountry "GER"]
[BlackTeamCountry "GER"]

1. e4 e6 2. d4 d5 3. Nd2 c5 4. Ngf3 Nc6 5. Bb5 Qb6 6. Bxc6+ bxc6 7. 0-0 Nf6 8. e5 Nd7 9. c3 a5 10. Re1 cxd4 11. cxd4 c5 12. Nb3 a4 13. dxc5 Nxc5 14. Nbd4 Be7 15. Qc2 Ba6 16. Bg5 Rc8 17. Bxe7 Kxe7 18. Qd2 Ne4 19. Qe3 Qxb2 20. Reb1 Qc3 21. Nf5+ Kf8 22. Qa7 Bd3 23. Ng5 Nxg5 24. Qe7+ Kg8 25. Qxg5 Bxf5 26. Rc1 Bc2 27. Rab1 h6 28. Qe7 Rc7 29. Qb4 Qxb4 30. Rxb4 Kh7 31. Rxa4 Rhc8 0-1

[Event "Hessenliga 1819"]
[Site "Hessen"]
[Date "2019.02.17"]
[Round "6.2"]
[White "Schmidt, Walter"]
[Black "Kaliski, Erwin"]
[Result "1/2-1/2"]
[WhiteElo "2225"]
[BlackElo "2266"]
[PlyCount "128"]
[EventDate "2018.09.23"]
[EventType "team-tourn"]
[EventRounds "9"]
[EventCountry "GER"]
[SourceTitle "EXT 2020"]
[Source "ChessBase"]
[SourceDate "2019.10.17"]
[SourceVersion "1"]
[SourceVersionDate "2019.10.17"]
[SourceQuality "1"]
[WhiteTeam "Bad Homburg"]
[BlackTeam "Bad Nauheim"]
[WhiteTeamCountry "GER"]
[BlackTeamCountry "GER"]

1. d4 Nf6 2. c4 e6 3. Nf3 b6 4. g3 Bb7 5. Bg2 c5 6. d5 exd5 7. Ng5 Ne4 8. Nxe4 dxe4 9. Nc3 f5 10. Bf4 Nc6 11. Nb5 Rc8 12. Qd2 Be7 13. Rd1 a6 14. Nd6+ Bxd6 15. Bxd6 Nd4 16. Qf4 Qf6 17. Be5 Ne6 18. Bxf6 Nxf4 19. gxf4 gxf6 20. Bh3 d5 21. cxd5 Rd8 22. Bxf5 Rxd5 23. Rxd5 Bxd5 24. a3 Kf7 25. Rg1 b5 26. Kd2 a5 27. Ke3 b4 28. Rd1 Be6 29. Kxe4 Re8 30. Bxe6+ Rxe6+ 31. Kf3 bxa3 32. bxa3 Rb6 33. Rd5 Rb3+ 34. e3 Rxa3 35. Rxc5 Kg6 36. h3 Ra1 37. h4 a4 38. h5+ Kh6 39. Ra5 a3 40. Kg4 Rf1 41. Rxa3 Rxf2 42. Kf5 Kxh5 43. Ra1 Rh2 44. Rg1 Kh4 45. Kxf6 Re2 46. f5 Rxe3 47. Rh1+ Kg4 48. Rxh7 Rf3 49. Rg7+ Kf4 50. Ra7 Kg4 51. Ra5 Kh5 52. Kf7 Kh6 53. f6 Rb3 54. Re5 Rb6 55. Re1 Rb7+ 56. Re7 Rb6 57. Rd7 Rb8 58. Ke6 Rb6+ 59. Ke7 Rb8 60. Rd6 Kg6 61. Rd7 Ra8 62. Rd6 Ra7+ 63. Rd7 Rxd7+ 64. Kxd7 Kxf6 1/2-1/2

[Event "Hessenliga 1718"]
[Site "Hessen"]
[Date "2018.04.15"]
[Round "9.4"]
[White "Kaliski, Erwin"]
[Black "Burkhardt, Holger"]
[Result "1-0"]
[WhiteElo "2266"]
[BlackElo "2064"]
[PlyCount "99"]
[EventDate "2017.09.17"]
[EventType "team-tourn"]
[EventRounds "9"]
[EventCountry "GER"]
[SourceTitle "CBM 189 Extra"]
[Source "ChessBase"]
[SourceDate "2019.06.03"]
[SourceVersion "1"]
[SourceVersionDate "2019.06.03"]
[SourceQuality "1"]
[WhiteTeam "Bad Nauheim"]
[BlackTeam "Giessen"]
[WhiteTeamCountry "GER"]
[BlackTeamCountry "GER"]

1. e4 d6 2. d4 Nf6 3. Nc3 e5 4. dxe5 dxe5 5. Qxd8+ Kxd8 6. Bg5 Be6 7. 0-0-0+ Kc8 8. Bxf6 gxf6 9. Nge2 Bc5 10. f3 Rd8 11. Rxd8+ Kxd8 12. Ng3 c6 13. a3 Nd7 14. Nf5 b5 15. Be2 Kc7 16. Nd1 a5 17. Nde3 b4 18. a4 b3 19. Nc4 bxc2 20. Kxc2 Nb8 21. Nd2 Bb4 22. Ng7 Bxd2 23. Kxd2 Nd7 24. Nxe6+ fxe6 25. Bc4 Nc5 26. b3 Rd8+ 27. Kc3 Rd4 28. g4 Kd6 29. h4 f5 30. exf5 exf5 31. g5 Rf4 32. Rh3 e4 33. h5 exf3 34. g6 hxg6 35. h6 Ne4+ 36. Kc2 Nf6 37. h7 Nxh7 38. Rxh7 Rxc4+ 39. bxc4 f2 40. Rh1 g5 41. Rf1 g4 42. Rxf2 Ke5 43. Kd3 f4 44. Re2+ Kf5 45. Re8 g3 46. Ke2 g2 47. Kf2 f3 48. Ra8 Ke4 49. Rxa5 Kd4 50. Rf5 1-0

[Event "Hessenliga 1718"]
[Site "Hessen"]
[Date "2017.11.05"]
[Round "2.5"]
[White "Kaliski, Erwin"]
[Black "Lesny, Florian"]
[Result "1-0"]
[WhiteElo "2266"]
[BlackElo "1997"]
[PlyCount "87"]
[EventDate "2017.09.17"]
[EventType "team-tourn"]
[EventRounds "9"]
[EventCountry "GER"]
[SourceTitle "CBM 189 Extra"]
[Source "ChessBase"]
[SourceDate "2019.06.03"]
[SourceVersion "1"]
[SourceVersionDate "2019.06.03"]
[SourceQuality "1"]
[WhiteTeam "Bad Nauheim"]
[BlackTeam "Niederbrechen"]
[WhiteTeamCountry "GER"]
[BlackTeamCountry "GER"]

1. e4 c5 2. Nf3 d6 3. d4 cxd4 4. Nxd4 Nf6 5. Nc3 a6 6. Be3 e5 7. Nb3 Be6 8. Be2 Be7 9. Qd2 Nbd7 10. f3 Rc8 11. g4 Nb6 12. 0-0-0 Nc4 13. Bxc4 Bxc4 14. h4 b5 15. h5 Qc7 16. g5 Nd7 17. g6 fxg6 18. hxg6 h6 19. Kb1 Nf6 20. Ne2 d5 21. Ng3 d4 22. Bg5 Be6 23. f4 Rf8 24. fxe5 hxg5 25. exf6 Rxf6 26. Nxd4 Rxg6 27. Ngf5 Bf8 28. Rhg1 Rd8 29. Rxg5 Bxf5 30. Rxf5 Bc5 31. c3 Qb6 32. Re5+ Kf7 33. Qf2+ Rf6 34. Rf5 g6 35. Rf4 Kg7 36. e5 Rxf4 37. Qxf4 Rf8 38. Qg4 Bxd4 39. cxd4 Qc7 40. e6 Rc8 41. Qe2 Qf4 42. e7 Qf5+ 43. Ka1 Re8 44. d5 1-0

[Event "Frankfurt-chA"]
[Site "Frankfurt"]
[Date "2017.06.12"]
[Round "7"]
[White "Egenolf, Dirk"]
[Black "Kaliski, Erwin"]
[Result "1/2-1/2"]
[WhiteElo "1939"]
[BlackElo "2129"]
[PlyCount "75"]
[EventDate "2017.04.24"]
[EventType "swiss"]
[EventRounds "7"]
[EventCountry "GER"]
[SourceTitle "EXT 2018"]
[Source "ChessBase"]
[SourceDate "2017.10.13"]
[SourceVersion "1"]
[SourceVersionDate "2017.10.13"]
[SourceQuality "1"]

1. e4 e6 2. d3 d5 3. Nd2 Nf6 4. Ngf3 c5 5. g3 Nc6 6. Bg2 Be7 7. 0-0 0-0 8. Re1 dxe4 9. dxe4 e5 10. c3 Bg4 11. h3 Bh5 12. Qc2 Qd7 13. Kh2 Rfd8 14. Nc4 Bxf3 15. Bxf3 Qd3 16. Qxd3 Rxd3 17. Be2 Rd7 18. f3 h6 19. a4 Rad8 20. Be3 Kf8 21. Rad1 Ke8 22. Rxd7 Rxd7 23. Rd1 b6 24. Rxd7 Kxd7 25. Kg2 Ne8 26. f4 exf4 27. gxf4 g5 28. Bg4+ Kc7 29. Kf3 Nd6 30. Nd2 gxf4 31. Bxf4 Bg5 32. Bxd6+ Kxd6 33. Nc4+ Kc7 34. Ke2 a6 35. Kd1 b5 36. axb5 axb5 37. Na3 b4 38. Nc4 1/2-1/2

[Event "Frankfurt-chA"]
[Site "Frankfurt"]
[Date "2017.05.08"]
[Round "3"]
[White "Goebel, Andreas"]
[Black "Kaliski, Erwin"]
[Result "0-1"]
[WhiteElo "1845"]
[BlackElo "2129"]
[PlyCount "48"]
[EventDate "2017.04.24"]
[EventType "swiss"]
[EventRounds "7"]
[EventCountry "GER"]
[SourceTitle "EXT 2018"]
[Source "ChessBase"]
[SourceDate "2017.10.13"]
[SourceVersion "1"]
[SourceVersionDate "2017.10.13"]
[SourceQuality "1"]

1. Nf3 d5 2. g3 g6 3. Bg2 Bg7 4. d4 Nf6 5. 0-0 0-0 6. Nbd2 Bf5 7. c4 c6 8. Qb3 Qc8 9. cxd5 cxd5 10. Ne5 Nc6 11. Ndf3 Be4 12. Bf4 Nh5 13. Rac1 Nxf4 14. gxf4 Qf5 15. e3 Bxe5 16. Nxe5 Bxg2 17. Kxg2 Nxe5 18. fxe5 Qg4+ 19. Kh1 Qf3+ 20. Kg1 f6 21. Qxb7 fxe5 22. dxe5 Rf5 23. Qxe7 Qg4+ 24. Kh1 Rg5 0-1

[Event "Hessenliga 1617"]
[Site "Hessen"]
[Date "2017.04.23"]
[Round "9.4"]
[White "Kaliski, Erwin"]
[Black "Meffert, Matthias"]
[Result "0-1"]
[WhiteElo "2266"]
[BlackElo "2076"]
[PlyCount "130"]
[EventDate "2016.09.18"]
[EventType "team-tourn"]
[EventRounds "9"]
[EventCountry "GER"]
[SourceTitle "EXT 2018"]
[Source "ChessBase"]
[SourceDate "2017.10.13"]
[SourceVersion "1"]
[SourceVersionDate "2017.10.13"]
[SourceQuality "1"]
[WhiteTeam "Bad Nauheim"]
[BlackTeam "Niederbrechen"]
[WhiteTeamCountry "GER"]
[BlackTeamCountry "GER"]

1. e4 c5 2. Nc3 Nc6 3. g3 g6 4. Bg2 Bg7 5. Nge2 e6 6. d3 Nge7 7. 0-0 0-0 8. Bg5 h6 9. Be3 Nd4 10. Qd2 Kh7 11. f4 d6 12. g4 f5 13. gxf5 exf5 14. Ng3 Rb8 15. Rae1 b5 16. Nce2 Bd7 17. c3 Nxe2+ 18. Rxe2 b4 19. e5 bxc3 20. bxc3 Bb5 21. Rb1 Re8 22. c4 Bc6 23. Rxb8 Qxb8 24. d4 Bxg2 25. Kxg2 cxd4 26. Bxd4 Nc6 27. Bc3 dxe5 28. Qd5 Nd4 29. Rb2 Qd8 30. fxe5 Qxd5+ 31. cxd5 Bxe5 32. Rb7+ Kg8 33. d6 Nc6 34. d7 Rd8 35. Bd2 Kf7 36. Bxh6 Ke6 37. h4 Rxd7 38. Rb5 Rd3 39. Ne2 Ra3 40. Rc5 Ra6 41. Nc1 Bd6 42. Rc2 Nd4 43. Rd2 Ra4 44. Ne2 Nxe2 45. Rxe2+ Re4 46. Kf3 Rxe2 47. Kxe2 Be7 48. Be3 a6 49. Bf2 Ke5 50. Kf3 Kd5 51. Kf4 Bf6 52. h5 gxh5 53. Kxf5 Be7 54. Bb6 Kc6 55. Bd4 Kb5 56. Ke4 Kc4 57. Be5 Ba3 58. Bf6 a5 59. Kf5 a4 60. Kg5 Kd3 61. Kxh5 Kc2 62. Kg4 Kb1 63. Kf3 Kxa2 64. Ke4 Kb3 65. Kd3 Bb4 0-1

[Event "Hessenliga 1516"]
[Site "Germany"]
[Date "2016.01.17"]
[Round "5.4"]
[White "Kaliski, Erwin"]
[Black "Schreiber, Kurt"]
[Result "0-1"]
[WhiteElo "2266"]
[BlackElo "2153"]
[PlyCount "93"]
[EventDate "2015.09.27"]
[EventType "team-tourn"]
[EventRounds "9"]
[EventCountry "GER"]
[SourceTitle "EXT 2018"]
[Source "ChessBase"]
[SourceDate "2017.10.13"]
[SourceVersion "1"]
[SourceVersionDate "2017.10.13"]
[SourceQuality "1"]
[WhiteTeam "Bad Nauheim"]
[BlackTeam "Dotzheim"]
[WhiteTeamCountry "GER"]
[BlackTeamCountry "GER"]

1. e4 g6 2. d4 Bg7 3. Nc3 d5 4. Nf3 dxe4 5. Nxe4 Nd7 6. Bc4 Ndf6 7. Qe2 Nxe4 8. Qxe4 Nf6 9. Qh4 c6 10. Ne5 0-0 11. 0-0 Nd5 12. c3 Be6 13. Re1 Qd6 14. Nf3 f6 15. Qe4 Bf7 16. Bxd5 cxd5 17. Qxe7 Qa6 18. Qe2 Qb6 19. Bf4 Rfe8 20. Qc2 Qa6 21. Qb3 b6 22. h3 Re4 23. Bd6 Rae8 24. Qa3 Qb7 25. Qa4 Bh6 26. Qb5 a6 27. Qf1 R8e6 28. Bg3 b5 29. Nh2 b4 30. Ng4 Bg7 31. f3 Rxe1 32. Rxe1 h5 33. Rxe6 Bxe6 34. Qe1 Kf7 35. Nf2 bxc3 36. Qxc3 Qb5 37. Nd3 Bf5 38. Nf4 Bh6 39. Qc7+ Ke8 40. a4 Qxb2 41. Qc6+ Kf7 42. Nxd5 Qxd4+ 43. Kh2 Bf8 44. Qc7+ Ke8 45. Qb8+ Kf7 46. Qb7+ Kg8 47. Qc7 0-1

[Event "Hessenliga 1314"]
[Site "Germany"]
[Date "2013.09.29"]
[Round "1.3"]
[White "Flach, Erich"]
[Black "Kaliski, Erwin"]
[Result "1-0"]
[WhiteElo "2153"]
[BlackElo "2266"]
[PlyCount "69"]
[EventDate "2013.09.29"]
[EventType "team-tourn"]
[EventRounds "9"]
[EventCountry "GER"]
[SourceTitle "EXT 2015"]
[Source "ChessBase"]
[SourceDate "2014.11.20"]
[SourceVersion "1"]
[SourceVersionDate "2014.11.20"]
[SourceQuality "1"]
[WhiteTeam "Langen"]
[BlackTeam "Bad Nauheim"]
[WhiteTeamCountry "GER"]
[BlackTeamCountry "GER"]

1. d4 d6 2. Nf3 Nf6 3. c4 g6 4. Nc3 Bg7 5. e4 0-0 6. Be2 Nc6 7. 0-0 Bg4 8. Be3 e5 9. d5 Ne7 10. Ne1 Bxe2 11. Qxe2 Nd7 12. Nd3 f5 13. f3 b6 14. b4 a5 15. a3 Nf6 16. c5 bxc5 17. bxc5 f4 18. Bf2 g5 19. Rab1 h5 20. Rb7 g4 21. cxd6 cxd6 22. Nb5 Nc8 23. Nc7 Rf7 24. Ne6 Qe8 25. Rfb1 Rxb7 26. Rxb7 Ne7 27. Bh4 Rb8 28. Qb2 Rxb7 29. Qxb7 Kf7 30. Qc7 Qb5 31. Ne1 Bh8 32. Qxd6 Qe2 33. Ng5+ Ke8 34. Qb8+ Kd7 35. Ne6 1-0

[Event "Frankfurt-chA"]
[Site "Frankfurt"]
[Date "2013.05.27"]
[Round "4"]
[White "Kaliski, Erwin"]
[Black "Zimmer, Gerald"]
[Result "1-0"]
[WhiteElo "2266"]
[BlackElo "1990"]
[PlyCount "75"]
[EventDate "2013.04.29"]
[EventType "swiss"]
[EventRounds "7"]
[EventCountry "GER"]
[SourceTitle "EXT 2014"]
[Source "ChessBase"]
[SourceDate "2013.11.20"]
[SourceVersion "1"]
[SourceVersionDate "2013.11.20"]
[SourceQuality "1"]

1. e4 e6 2. d4 d5 3. Nd2 Nc6 4. Ngf3 Nf6 5. e5 Ng4 6. c3 f6 7. h3 Nh6 8. Bd3 Bd7 9. 0-0 Nf7 10. Re1 fxe5 11. dxe5 Qe7 12. b4 g6 13. Nb3 Bh6 14. a4 Bxc1 15. Qxc1 0-0 16. Bb5 b6 17. Bxc6 Bxc6 18. Nbd4 Bb7 19. b5 Qd7 20. a5 a6 21. axb6 cxb6 22. bxa6 Bxa6 23. Qb2 Rfb8 24. Ra3 Bb7 25. Rb3 Bc8 26. Rxb6 Rxb6 27. Qxb6 h6 28. Rb1 Ra7 29. Qb8 Nd8 30. Rb6 Qc7 31. Nb5 Ra1+ 32. Kh2 Qc4 33. Nfd4 Ra2 34. Rd6 Nf7 35. Rc6 Qf1 36. Qxc8+ Kg7 37. Nxe6+ Kh7 38. Qf8 1-0

[Event "Hessenliga 1213"]
[Site "Germany"]
[Date "2013.03.03"]
[Round "7.5"]
[White "Hoti, Safet"]
[Black "Kaliski, Erwin"]
[Result "0-1"]
[WhiteElo "2115"]
[BlackElo "2266"]
[PlyCount "122"]
[EventDate "2012.09.16"]
[EventType "team-tourn"]
[EventRounds "9"]
[EventCountry "GER"]
[SourceTitle "EXT 2014"]
[Source "ChessBase"]
[SourceDate "2013.11.20"]
[SourceVersion "1"]
[SourceVersionDate "2013.11.20"]
[SourceQuality "1"]
[WhiteTeam "Heusenstamm"]
[BlackTeam "Bad Nauheim"]
[WhiteTeamCountry "GER"]
[BlackTeamCountry "GER"]

1. d4 Nf6 2. c4 e6 3. Nf3 b6 4. e3 Bb7 5. Be2 c5 6. 0-0 Be7 7. dxc5 Bxc5 8. b3 0-0 9. Bb2 d5 10. cxd5 Qxd5 11. Nc3 Qf5 12. Na4 Be7 13. Nd4 Qg6 14. Bf3 Ne4 15. Nc3 Rd8 16. Qc2 Nc5 17. Qxg6 hxg6 18. Bxb7 Nxb7 19. Rfd1 e5 20. Nf3 Nc6 21. Nd5 Bd6 22. Rac1 Rac8 23. Ng5 f6 24. Ne4 Kf7 25. g3 Ke6 26. Nec3 Bc5 27. Kg2 Rd7 28. e4 Nd6 29. f3 f5 30. Rc2 Bd4 31. Re2 fxe4 32. fxe4 Bxc3 33. Nxc3 Nd4 34. Re3 Rdc7 35. Rd2 b5 36. Kh3 a5 37. Kg4 b4 38. Na4 Rc2 39. Rxc2 Rxc2 40. h4 Kf6 41. Re1 Ke6 42. Re3 Rf2 43. Nc5+ Ke7 44. Nd3 Rd2 45. Kg5 Nxe4+ 46. Rxe4 Rxd3 47. Rxe5+ Ne6+ 48. Kxg6 Rxg3+ 49. Kf5 Rf3+ 50. Ke4 Rf2 51. Bd4 Rf4+ 52. Ke3 Rxd4 53. Rxe6+ Kxe6 54. Kxd4 Kf5 55. Kc5 Kg4 56. Kb5 Kxh4 57. Kxa5 g5 58. Kxb4 g4 59. a4 g3 60. a5 g2 61. Kb5 g1Q 0-1

[Event "Hessenliga 1112"]
[Site "Germany"]
[Date "2012.03.04"]
[Round "7.4"]
[White "Kaliski, Erwin"]
[Black "Glauder, Jan"]
[Result "1-0"]
[WhiteElo "2266"]
[BlackElo "2018"]
[PlyCount "179"]
[EventDate "2011.09.25"]
[EventType "team-tourn"]
[EventRounds "9"]
[EventCountry "GER"]
[SourceTitle "EXT 2013"]
[Source "ChessBase"]
[SourceDate "2012.11.22"]
[SourceVersion "1"]
[SourceVersionDate "2012.11.22"]
[SourceQuality "1"]
[WhiteTeam "Bad Nauheim"]
[BlackTeam "Eppstein"]
[WhiteTeamCountry "GER"]
[BlackTeamCountry "GER"]

1. e4 e6 2. d4 d5 3. Nd2 c5 4. Ngf3 cxd4 5. exd5 Qxd5 6. Bc4 Qd6 7. 0-0 Nf6 8. Nb3 Nc6 9. Nbxd4 Nxd4 10. Nxd4 a6 11. c3 Qc7 12. Bb3 Bd6 13. h3 0-0 14. Bg5 Ne4 15. Be3 Bh2+ 16. Kh1 Bf4 17. Qf3 Bxe3 18. Qxe3 Nf6 19. Rae1 b5 20. Qg5 h6 21. Qh4 Re8 22. Re3 e5 23. Nf3 Bb7 24. Rfe1 Bxf3 25. Rxf3 Qd6 26. Rd1 Qe7 27. Rfd3 Rad8 28. Qg3 e4 29. Rd4 Rxd4 30. Rxd4 Rd8 31. Qe3 Rxd4 32. Qxd4 Qc7 33. Kg1 Qf4 34. Qe3 Qc7 35. g3 Kf8 36. a4 Kg8 37. Qd4 Kh7 38. axb5 axb5 39. Bc2 Qb7 40. f3 Qc7 41. Bxe4+ Nxe4 42. Qxe4+ g6 43. Kf2 Qd7 44. Qf4 Qe6 45. h4 h5 46. g4 hxg4 47. fxg4 Qb3 48. Ke3 Qd5 49. Qf3 Qc5+ 50. Kd2 Kg7 51. Qe3 Qc6 52. Qd4+ Kh7 53. Kc2 Qe6 54. Qf4 Qe2+ 55. Kb3 Qd1+ 56. Ka2 Qd5+ 57. Ka3 Qa8+ 58. Kb3 Qd5+ 59. Kb4 Qa2 60. b3 Qa7 61. Qg5 Qd7 62. h5 gxh5 63. Qxh5+ Kg7 64. Qg5+ Kf8 65. Qf5 Qb7 66. g5 Kg8 67. Qxb5 Qe7+ 68. Ka4 Qa7+ 69. Qa5 Qd7+ 70. Ka3 Qe7+ 71. b4 Qe1 72. Qd8+ Kh7 73. Qf6 Qa1+ 74. Kb3 Qb1+ 75. Kc4 Qa2+ 76. Kc5 Qa7+ 77. Kd6 Qb6+ 78. Kd5 Qb5+ 79. Kd4 Qd7+ 80. Kc4 Qg4+ 81. Kb5 Qd7+ 82. Qc6 Qd3+ 83. c4 Qf5+ 84. Qd5 Qf1 85. Kb6 Kg6 86. c5 Qf2 87. b5 Qe3 88. Qd8 Qg1 89. Qf6+ Kh5 90. Qxf7+ 1-0

[Event "Hessenliga 1011"]
[Site "Germany"]
[Date "2011.04.03"]
[Round "8.3"]
[White "Haenisch, Uwe"]
[Black "Kaliski, Erwin"]
[Result "0-1"]
[WhiteElo "2178"]
[BlackElo "2266"]
[PlyCount "102"]
[EventDate "2010.09.26"]
[EventType "team-tourn"]
[EventRounds "9"]
[EventCountry "GER"]
[SourceTitle "EXT 2012"]
[Source "ChessBase"]
[SourceDate "2011.11.24"]
[SourceVersion "1"]
[SourceVersionDate "2011.11.24"]
[SourceQuality "1"]
[WhiteTeam "Kassel"]
[BlackTeam "Bad Nauheim"]
[WhiteTeamCountry "GER"]
[BlackTeamCountry "GER"]

1. e4 e6 2. d4 d5 3. Nd2 Nf6 4. e5 Nfd7 5. Bd3 c5 6. c3 Nc6 7. Ngf3 Qb6 8. 0-0 cxd4 9. cxd4 Nxd4 10. Nxd4 Qxd4 11. Nf3 Qg4 12. h3 Qh5 13. Qe2 Be7 14. Kh2 f5 15. exf6 Nxf6 16. Bb5+ Kf8 17. Bf4 Rg8 18. Rac1 g5 19. Bg3 g4 20. Rxc8+ Rxc8 21. Qxe6 Rd8 22. Re1 Qf7 23. Nd4 gxh3 24. gxh3 Rg6 25. Qf5 Ne4 26. Qxf7+ Kxf7 27. Bd3 Bf6 28. Nb5 Bxb2 29. Nc7 Rxg3 30. fxg3 Be5 31. Rf1+ Nf6 32. Nxd5 Rxd5 33. Bc4 Ke7 34. Bxd5 Nxd5 35. Re1 Ke6 36. Kg2 b5 37. Kf3 b4 38. g4 Nc3 39. Ke3 Nxa2 40. Kd3 b3 41. Kc4 b2 42. Kb3 Nc1+ 43. Kc2 a5 44. Re3 Na2 45. Rf3 Nb4+ 46. Kb1 Nd5 47. g5 Nb6 48. h4 Nc4 49. Rd3 Kf5 50. Ka2 Kg4 51. Rd7 Na3 0-1

[Event "Hessenliga 1011"]
[Site "Germany"]
[Date "2011.01.23"]
[Round "5.3"]
[White "Kaliski, Erwin"]
[Black "Engel, Berthold"]
[Result "0-1"]
[WhiteElo "2266"]
[BlackElo "2210"]
[PlyCount "80"]
[EventDate "2010.09.26"]
[EventType "team-tourn"]
[EventRounds "9"]
[EventCountry "GER"]
[SourceTitle "EXT 2012"]
[Source "ChessBase"]
[SourceDate "2011.11.24"]
[SourceVersion "1"]
[SourceVersionDate "2011.11.24"]
[SourceQuality "1"]
[WhiteTeam "Bad Nauheim"]
[BlackTeam "Frankfurt BvK II"]
[WhiteTeamCountry "GER"]
[BlackTeamCountry "GER"]

1. e4 e6 2. d4 d5 3. Nd2 Nf6 4. e5 Ng8 5. f4 b6 6. Ndf3 Ne7 7. Bd3 Ba6 8. Bxa6 Nxa6 9. c3 Qd7 10. Ne2 h5 11. Qd3 Nb8 12. a4 a5 13. Be3 h4 14. Bf2 Nf5 15. Kd2 g6 16. g4 hxg3 17. hxg3 Rxh1 18. Rxh1 Qxa4 19. Ng5 Qb3 20. Kc1 a4 21. Qc2 Qxc2+ 22. Kxc2 Nh6 23. Rh4 Nd7 24. Ng1 Bg7 25. N1f3 Ke7 26. Rh1 Rh8 27. Ra1 Ng4 28. Bg1 b5 29. b3 Nb6 30. bxa4 bxa4 31. Nd2 Ra8 32. Kd3 Ke8 33. c4 dxc4+ 34. Nxc4 Nd5 35. Ne4 Bf8 36. Nc5 Bxc5 37. dxc5 Kd7 38. Na3 Rb8 39. Rb1 Rh8 40. Rb2 Rh3 0-1